Diccionario del léxico corriente de la política argentina : (Registro nro. 51229)
[ vista simple ]
| 000 -CABECERA | |
|---|---|
| campo de control de longitud fija | 00958nam a22003250a 4500 |
| 001 - NÚMERO DE CONTROL | |
| campo de control | PT51759 |
| 003 - IDENTIFICADOR DEL NÚMERO DE CONTROL | |
| campo de control | AR-LpoUNG |
| 005 - FECHA Y HORA DE LA ÚLTIMA TRANSACCIÓN | |
| campo de control | 20260120142036.0 |
| 008 - DATOS DE LONGITUD FIJA--INFORMACIÓN GENERAL | |
| campo de control de longitud fija | 201001s2014||||ag |||||||||||||||||spa d |
| 020 ## - NÚMERO INTERNACIONAL ESTÁNDAR DEL LIBRO | |
| Número Internacional Estándar del Libro | 9789876301800 |
| Condiciones de disponibilidad | $1,80 |
| 040 ## - FUENTE DE LA CATALOGACIÓN | |
| Centro catalogador/agencia de origen | AR-LpoUNG |
| Lengua de catalogación | spa |
| Normas de descripción | aacr |
| 041 ## - CÓDIGO DE LENGUA | |
| Código de lengua del texto/banda sonora o título independiente | spa |
| 044 ## - CÓDIGO DEL PAÍS DE LA ENTIDAD EDITORA/PRODUCTORA | |
| Código MARC del país | ag |
| 082 0# - NÚMERO DE LA CLASIFICACIÓN DECIMAL DEWEY | |
| Número de clasificación | R320.014 228dic |
| 100 1# - ENTRADA PRINCIPAL--NOMBRE DE PERSONA | |
| Nombre de persona | Adelstein, Andreína |
| Término indicativo de función/relación | coor. |
| 245 10 - MENCIÓN DE TÍTULO | |
| Título | Diccionario del léxico corriente de la política argentina : |
| Resto del título | palabras en democracia : 1983-2013 |
| 250 ## - MENCIÓN DE EDICIÓN | |
| Mención de edición | 1ra. ed. |
| 260 ## - PUBLICACIÓN, DISTRIBUCIÓN, ETC. | |
| Lugar de publicación, distribución, etc. | Buenos Aires : |
| Nombre del editor, distribuidor, etc. | Universidad Nacional de General Sarmiento, |
| Fecha de publicación, distribución, etc. | 2014. |
| 300 ## - DESCRIPCIÓN FÍSICA | |
| Extensión | 380 p. : |
| Otras características físicas | gráfs. |
| 490 0# - MENCIÓN DE SERIE | |
| Mención de serie | Política, políticas y sociedad |
| 650 #4 - PUNTO DE ACCESO ADICIONAL DE MATERIA--TÉRMINO DE MATERIA | |
| Término de materia o nombre geográfico como elemento de entrada | COMPORTAMIENTO POLITICO |
| 650 #4 - PUNTO DE ACCESO ADICIONAL DE MATERIA--TÉRMINO DE MATERIA | |
| Término de materia o nombre geográfico como elemento de entrada | DICCIONARIOS |
| 650 #4 - PUNTO DE ACCESO ADICIONAL DE MATERIA--TÉRMINO DE MATERIA | |
| Término de materia o nombre geográfico como elemento de entrada | POLITICA NACIONAL |
| 650 #4 - PUNTO DE ACCESO ADICIONAL DE MATERIA--TÉRMINO DE MATERIA | |
| Término de materia o nombre geográfico como elemento de entrada | PROBLEMAS POLITICOS |
| 650 #4 - PUNTO DE ACCESO ADICIONAL DE MATERIA--TÉRMINO DE MATERIA | |
| Término de materia o nombre geográfico como elemento de entrada | TERMINOLOGIA |
| 651 #4 - PUNTO DE ACCESO ADICIONAL DE MATERIA--NOMBRE GEOGRÁFICO | |
| Nombre geográfico | Argentina |
| 700 1# - PUNTO DE ACCESO ADICIONAL--NOMBRE DE PERSONA | |
| Nombre de persona | Vommaro, Gabriel |
| Término indicativo de función/relación | coor. |
| 905 ## - ELEMENTOS DE DATOS E LOCAL, LDE (RLIN) | |
| a | 51759 |
| 942 ## - ELEMENTOS DE PUNTO DE ACCESO ADICIONAL (KOHA) | |
| Tipo de ítem Koha | Lectura en Sala |
| Fuente del sistema de clasificación o colocación | Dewey Decimal Classification |
| Estado de retiro | Estado de pérdida | Estado dañado | No para préstamo | Código de colección | Localización permanente | Ubicación/localización actual | Fecha de adquisición | Total de préstamos | Signatura topográfica completa | Código de barras | Fecha visto por última vez | Precio válido a partir de | Tipo de ítem Koha | Fuente del sistema de clasificación o colocación |
|---|---|---|---|---|---|---|---|---|---|---|---|---|---|---|
| Colección Referencia | Biblioteca Universidad Nacional de General Sarmiento | Biblioteca Universidad Nacional de General Sarmiento | 01/02/2021 | 320.014 228dic | S00057316 | 01/02/2021 | 01/02/2021 | Lectura en Sala | ||||||
| Colección Referencia | Biblioteca Universidad Nacional de General Sarmiento | Biblioteca Universidad Nacional de General Sarmiento | 01/02/2021 | 320.014 228dic | S00057318 | 01/02/2021 | 01/02/2021 | Lectura en Sala | ||||||
| Retirado | No es para préstamo | Colección Ediciones UNGS | Biblioteca Universidad Nacional de General Sarmiento | Biblioteca Universidad Nacional de General Sarmiento | 01/02/2021 | 320.014 228dic | CUNGS1609 | 01/02/2021 | 01/02/2021 | Libro | Dewey Decimal Classification | |||
| Colección Ediciones UNGS | Biblioteca Universidad Nacional de General Sarmiento | Biblioteca Universidad Nacional de General Sarmiento | 01/02/2021 | 320.014 228dic | CUNGS758 | 01/02/2021 | 01/02/2021 | Libro | ||||||
| Colección Referencia | Biblioteca Universidad Nacional de General Sarmiento | Biblioteca Universidad Nacional de General Sarmiento | 11/01/2023 | R320.014 228dic | S00067782 | 11/01/2023 | 11/01/2023 | Lectura en Sala | Dewey Decimal Classification |